Burea International Des Tariffs Douaniers = Madagascar 2007, journal no. 107 (4th edition).
| Format: | Book |
|---|---|
| Published: |
Brussels:
International Customs Tariffs Bureau,
2007.
|
| Edition: | 4th ed. |
| Subjects: |
| LEADER | 00526cam a2200145 7i4500 | ||
|---|---|---|---|
| 001 | 0000020787 | ||
| 005 | 20080908090000.0 | ||
| 090 | 0 | 0 | |a T 382.7 |b BUR [MADG] |
| 245 | 0 | 0 | |a Burea International Des Tariffs Douaniers = |l International Customs Tariffs Bureau : |b Madagascar 2007, journal no. 107 (4th edition). |
| 250 | 0 | 0 | |a 4th ed. |
| 260 | 0 | 0 | |a Brussels: |b International Customs Tariffs Bureau, |c 2007. |
| 300 | # | # | |a 278 p. |
| 650 | 0 | 0 | |a Tariff -- |z Madagascar |
| 651 | 0 | 0 | |a Madagascar |
| 999 | |a 0000021610 |b Book |c Tariffs |e Business Information Centre | ||